000 00543nam a2200145Ia 4500
008 210430s9999 xx 000 0 und d
020 _a1569903891 (hardcover)
082 _a668.412 R322S
100 _aHerbert Rees, Bruce Catoen
_9127027
245 _aSelecting injection molds: weighing cost versus productivity /
_cHerbert Rees
260 _aMunich : | Cincinnati : Hanser Gardner Publications,
_bHanser Publishers ;
_c2006
300 _ax, 230 p. :
856 _uhttp://www.loc.gov/catdir/toc/ecip0517/2005023027.html
942 _cREF
_2ddc
999 _c565758
_d565758